| Tag |
First Indicator |
Second Indicator |
Subfields |
| LEADER |
00000cam a2200000 a 4500 |
| 001 |
in00000027193 |
| 005 |
20151007055926.0 |
| 008 |
871001s1988 maua b 00110 eng c |
| 010 |
|
|
|a 87022972
|
| 020 |
|
|
|a 0674012712 (pbk.)
|
| 020 |
|
|
|a 0674012704 (hard)
|
| 035 |
|
|
|a (OCoLC)16872773
|
| 035 |
|
|
|9 AAB9667AM
|
| 040 |
|
|
|a DNLM/DLC
|c DLC
|d VET
|d UtOrBLW
|
| 043 |
|
|
|a n-us---
|
| 049 |
|
|
|a TXAM
|c [A11506888]
|
| 050 |
0 |
0 |
|a RA644.A25
|b P36 1988
|
| 060 |
|
0 |
|a WD 308 P191a
|
| 082 |
0 |
|
|a 362.1/969792
|2 19
|
| 100 |
1 |
|
|a Panem, Sandra,
|d 1946-
|
| 245 |
1 |
4 |
|a The AIDS bureaucracy /
|c Sandra Panem.
|
| 264 |
|
1 |
|a Cambridge, Mass. :
|b Harvard University Press,
|c 1988.
|
| 300 |
|
|
|a 194 pages :
|b illustrations ;
|c 23 cm.
|
| 336 |
|
|
|a text
|b txt
|2 rdacontent
|
| 337 |
|
|
|a unmediated
|b n
|2 rdamedia
|
| 338 |
|
|
|a volume
|b nc
|2 rdacarrier
|
| 504 |
|
|
|a Bibliography: pages 169-185.
|
| 500 |
|
|
|a Includes index.
|
| 650 |
|
0 |
|a AIDS (Disease)
|x Government policy
|z United States.
|
| 650 |
|
0 |
|a AIDS (Disease)
|z United States
|x History.
|
| 999 |
|
|
|a MARS
|
| 999 |
f |
f |
|s 426b8cfd-ec52-3bbb-b05a-7b6bc766df31
|i da424576-4539-30d5-bfdb-a57700856c91
|t 0
|
| 952 |
f |
f |
|p ric
|a Texas A&M University
|b Rellis Campus
|c Joint Library Facility
|d Remote Storage
|t 0
|e RA644.A25 P36 1988
|h Library of Congress classification
|i unmediated -- volume
|m A14811506888
|
| 998 |
f |
f |
|a RA644.A25 P36 1988
|t 0
|l Remote Storage
|